Consumers attitude towards e-wallet services: An analytical study (Record no. 393533)

MARC details
000 -LEADER
fixed length control field 00499nam a2200181 4500
005 - DATE & TIME
control field 20250924110356.0
008 - FIXED-LENGTH DATA ELEMENTS--GENERAL INFORMATION
fixed length control field 250924b |||||||| |||| 00| 0 eng d
040 ## - CATALOGING SOURCE
Original cataloging agency VIVEKANANDA LIBRARY
082 ## - DDC NUMBER
Classification number 658.834
Book Number J181C
100 ## - MAIN ENTRY--PERSONAL NAME
Personal name Jaideep
245 ## - TITLE STATEMENT
Title Consumers attitude towards e-wallet services: An analytical study
260 ## - PUBLICATION, DISTRIBUTION, ETC. (IMPRINT)
Name of publisher, distributor, etc Department of IMSAR, M D Univerisity, Rohtak
Date of publication, distribution, etc 2024
300 ## - PHYSICAL DESCRIPTION
Pages xi, 217
650 ## - Subject
Subject Management
650 ## - Subject
Subject Consumer Services
700 ## - Added Entry Personal Name
Added Entry Personal Name Nimbrain, Nitu
942 ## - ADDED ENTRY ELEMENTS (KOHA)
Koha item type Thesis
Holdings
Withdrawn status Lost status Source of classification or shelving scheme Damaged status Not for loan Location (home branch) Sublocation or collection (holding branch) Shelving location Date acquired Koha issues (times borrowed) Koha full call number Accession No. Koha date last seen Copy number Koha item type
    Dewey Decimal Classification     VIVEKANANDA LIBRARY VIVEKANANDA LIBRARY IMSAR Library 24/09/2025   658.834 J181C 411181 24/09/2025 R Thesis
© Designed and Maintained by Vivekananda Library, MDU Rohtak